000 00824nam a2200253 i 4500
005 20260426152051.0
008 260426s2025 my jr 000 f may d
020 _a9786297687919
_cRM12.00
_qpaperback
040 _aPPAK
_beng
_cPPAK
_erda
082 0 4 _a899.2333
_223
090 0 0 _a899.2333
_bERA
_dK
100 0 _aEra Ishak,
_eauthor.
245 1 0 _aPERANG KING KONG /
_cERA ISHAK ; Editor Nursyafiqah Roslan
264 1 _aBandar Baru Nilai, Negeri Sembilan :
_bBLINK BOOK SDN BHD,
_c2025
300 _a121 pages ;
_c19 cm
336 _atext
_2rdacontent
337 _aunmediated
_2rdamedia
338 _avolume
_2rdacarrier
650 1 0 _aChildren's stories, Malay.
650 2 0 _aMalay fiction.
650 2 4 _aMalaysian fiction (Malay).
700 0 _aNursyafiqah Roslan,
_eeditor.
942 _2ddc
_cB
999 _c204017
_d204017